লোডিং...

Deceivers and deceived

গ্রন্থ-পঞ্জীর বিবরন
প্রধান লেখক: Blum, Richard H
বিন্যাস: Printed Book
ভাষা:English
প্রকাশিত: USA Charles C Thomas 1972
LEADER 00436nam a22001457a 4500
003 OSt
008 100503t xxu||||| |||| 00| 0 eng d
080 |a 343.9  |b BLU 
100 |a Blum, Richard H  |9 14378 
245 |a Deceivers and deceived 
260 |a USA  |b Charles C Thomas  |c 1972 
300 |a 328p. 
942 |c BK  |6 _ 
999 |c 193954  |d 193954 
952 |0 0  |1 0  |4 0  |6 3439_BLU  |7 0  |9 249611  |a SLS  |b SLS  |d 2010-05-03  |o 343.9 BLU  |p SLS006982  |r 2010-05-03  |w 2010-05-03  |y BK